| 000 | 01031nam a2200241 a 4500 | ||
|---|---|---|---|
| 001 | 000041022 | ||
| 005 | 20201002034546.0 | ||
| 008 | 130913s2000 sp 001 0 spa d | ||
| 020 | _a8400078764 | ||
| 040 |
_aDO-SdBNP _bspa _cBNPHU |
||
| 100 | 1 |
_aVega, Lope de, _d1562-1635 _93084 |
|
| 245 | 1 | 3 |
_aEl bosque de amor ; _bEl labrador de la Mancha : autos sacramentales inéditos / _cLope de Vega ; introducción edición y notas de Agustín de la Granja. |
| 260 |
_aMadrid : _bConsejo Superior de Investigaciones Científicas, _c2000. |
||
| 300 |
_a356 p. ; _c24 cm. |
||
| 490 | 1 |
_aBiblioteca de filología hispánica ; _v24 |
|
| 500 | _aIncluye índice | ||
| 504 | _aIncluye referencias bibliográficas y notas al pie de las páginas | ||
| 700 | 1 |
_aGranja, Agustín de la. _eed. _967490 |
|
| 700 | 1 |
_aVega, Lope de, _d1562-1635. _tLabrador de la Mancha. _967491 |
|
| 710 | 2 |
_aConsejo Superior de Investigaciones Científicas, _94786 |
|
| 740 | 0 | 2 | _aLabrador de la Mancha. |
| 830 | 0 |
_aBiblioteca de filología hispánica ; _v24 _967489 |
|
| 999 |
_c40512 _d40512 |
||